000 00339nam a22001457a 4500
008 230517b ||||| |||| 00| 0 eng d
020 _a9780684316017
041 _aeng
080 _2VOLUME 4
_a610.73
082 _a610.73FER
100 _a7
101 _aINF
245 _aHUMAN DISEASES AND CONDITIONS
_cFERRARA.H.M
942 _2udc
_cBK
999 _c59763
_d59763